Most Popular 50 Cent Songs - Statistics

General Stats
  • This quiz has been taken 84 times
  • The average score is 5 of 10
Answer Stats
Song % Correct
In Da Club
99%
Candy Shop
86%
Many Men
72%
P.I.M.P.
64%
21 Questions
60%
Just a Lil Bit
46%
Window Shopper
42%
Ayo Technology
25%
Outta Control
14%
I'm The Man
6%
No matching quizzes found
Score Distribution
Percent of People with Each Score
Percentile by Number Answered
Your Score History
You have not taken this quiz